Welcome to CU Library Online Public Access Catalogue (OPAC)

INTERNATIONAL BUSINESS (Record no. 6278)

MARC details
000 -LEADER
fixed length control field 00495nam a22001817a 4500
005 - DATE AND TIME OF LATEST TRANSACTION
control field 20250604163624.0
008 - FIXED-LENGTH DATA ELEMENTS--GENERAL INFORMATION
fixed length control field 250604b |||||||| |||| 00| 0 eng d
020 ## - INTERNATIONAL STANDARD BOOK NUMBER
International Standard Book Number 9780135001127
050 ## - LIBRARY OF CONGRESS CALL NUMBER
Classification number HB 2755.5.B25 DAN
100 ## - MAIN ENTRY--PERSONAL NAME
Personal name DANIELS JOHN D.
245 ## - TITLE STATEMENT
Title INTERNATIONAL BUSINESS
Remainder of title ENVIRONMENTS AND OPERATIONS
250 ## - EDITION STATEMENT
Edition statement 12TH ED.
260 ## - PUBLICATION, DISTRIBUTION, ETC.
Place of publication, distribution, etc. LONDON
Name of publisher, distributor, etc. PEARSON
Date of publication, distribution, etc. 2009
300 ## - PHYSICAL DESCRIPTION
Extent 902p.,ILLUS,TABLES,GRAPHS
500 ## - GENERAL NOTE
General note GLOSSARY,INDEX
700 ## - ADDED ENTRY--PERSONAL NAME
Personal name RADEBAUGH LEE H.
942 ## - ADDED ENTRY ELEMENTS (KOHA)
Source of classification or shelving scheme Library of Congress Classification
Koha item type Books
Suppress in OPAC No
999 ## -
-- 6278
-- 6278
Holdings
Withdrawn status Lost status Source of classification or shelving scheme Damaged status Not for loan Collection Home library Current library Shelving location Date acquired Total checkouts Full call number Barcode Date last seen Copy number Price effective from Koha item type
    Library of Congress Classification     Non-fiction Graduate Library (Christ Temple) Graduate Library (Christ Temple) General stacks 06/04/2025   HD 2755.5.D35 DAN gsct00001537 06/04/2025 1 06/04/2025 Books
    Library of Congress Classification     Non-fiction Graduate Library (Christ Temple) Graduate Library (Christ Temple) General stacks 07/02/2025   HD 2755.5.D35 DAN GSCT00001682 07/02/2025 1 07/02/2025 Books
    Library of Congress Classification     Non-fiction Graduate Library (Christ Temple) Graduate Library (Christ Temple) General stacks 07/02/2025   HD 2755.5.D35 DAN GSCT00001683 07/02/2025 2 07/02/2025 Books
    Library of Congress Classification     Non-fiction Graduate Library (Christ Temple) Graduate Library (Christ Temple) General stacks 07/02/2025   HD 2755.5.D35 DAN GSCT00001684 07/02/2025 3 07/02/2025 Books
    Library of Congress Classification     Non-fiction Graduate Library (Christ Temple) Graduate Library (Christ Temple) General stacks 07/02/2025   HD 2755.5.D35 DAN GSCT00001685 07/02/2025 4 07/02/2025 Books
    Library of Congress Classification     Non-fiction Graduate Library (Christ Temple) Graduate Library (Christ Temple) General stacks 07/02/2025   HD 2755.5.D35 DAN GSCT00001686 07/02/2025 5 07/02/2025 Books
© 2023-2024 Copyright: Central University Libraries. All Rights Reserved | Created by: Mahone Tech Office